[Event "Howard Ridout Swiss U2000"]
[Site "Toronto CAN"]
[Date "2010.09.09"]
[Round "1"]
[White "Marcille, Gord"]
[Black "Ugodnikov, Arkadiy"]
[Result "1-0"]
[WhiteElo "1764"]
[BlackElo "1902"]
[PlyCount "65"]
[EventDate "2010.09.09"]
[EventType "swiss"]
[EventRounds "6"]
[EventCountry "CAN"]

1. e4 e5 2. Nf3 Nc6 3. d4 exd4 4. Nxd4 Bc5 5. Nxc6 Qf6 6. Qd2 dxc6 7. Nc3 Bd7
8. Qf4 O-O-O 9. Be3 Bb4 10. Qxf6 Nxf6 11. Bd3 Kb8 12. f3 Rhe8 13. O-O h6 14. a3
Ba5 15. Na4 Bc8 16. b4 Bb6 17. Nxb6 axb6 18. a4 Nd7 19. a5 c5 20. axb6 cxb6 21.
Bb5 g5 22. Bf2 Ne5 23. Bxe8 Rxe8 24. bxc5 bxc5 25. Bxc5 Rd8 26. f4 gxf4 27.
Rxf4 Be6 28. Rh4 Kc7 29. Rxh6 Rd2 30. Be3 Rxc2 31. Bf4 Rc5 32. Rh5 Kd6 33. Rd1+
1-0

[Event "Howard Ridout Swiss U2000"]
[Site "Toronto CAN"]
[Date "2010.09.09"]
[Round "1"]
[White "Morra, Lui"]
[Black "Bellissimo, Joseph"]
[Result "0-1"]
[WhiteElo "1703"]
[BlackElo "1871"]
[PlyCount "86"]
[EventDate "2010.09.09"]
[EventType "swiss"]
[EventRounds "6"]
[EventCountry "CAN"]

1. e4 e5 2. Nf3 Nf6 3. Nc3 Nc6 4. Bb5 Nd4 5. Bc4 d6 6. h3 Be6 7. Bxe6 Nxe6 8.
d3 Be7 9. Be3 c6 10. Qe2 Qa5 11. O-O Qc7 12. d4 O-O 13. d5 Nf4 14. Qd2 cxd5 15.
Nxd5 N4xd5 16. exd5 Rfc8 17. Rac1 Qc4 18. Rfd1 Qxa2 19. b3 Qb2 20. Qb4 Rc7 21.
c4 Nd7 22. Qb5 a6 23. Qa5 Rac8 24. Qa4 Nc5 25. Bxc5 Rxc5 26. b4 Rxc4 27. Rxc4
Rxc4 28. Qe8+ Bf8 29. Ng5 Rf4 30. Rf1 Qxb4 31. g3 Rf6 32. Rc1 Qb5 33. Qd8 Rxf2
34. Ne4 Qb2 35. Nxf2 Qxc1+ 36. Kg2 Qc5 37. h4 Qxd5+ 38. Kh3 Qe6+ 39. Kg2 e4 40.
Kf1 e3 41. Nd3 e2+ 42. Ke1 Qg4 43. Qxd6 Bxd6 0-1

[Event "Howard Ridout Swiss U2000"]
[Site "Toronto CAN"]
[Date "2010.09.09"]
[Round "1"]
[White "Paterson, Jim"]
[Black "Bao, Stephen"]
[Result "1-0"]
[WhiteElo "1896"]
[BlackElo "1758"]
[PlyCount "89"]
[EventDate "2010.09.09"]
[EventType "swiss"]
[EventRounds "6"]
[EventCountry "CAN"]

1. e4 c5 2. Nc3 Nc6 3. f4 g6 4. Nf3 Bg7 5. Bc4 Na5 6. Qe2 e6 7. a3 Nxc4 8. Qxc4
d6 9. Qb5+ Qd7 10. Qe2 Ne7 11. d3 O-O 12. Bd2 b5 13. b4 a5 14. bxc5 dxc5 15.
Rb1 b4 16. axb4 cxb4 17. Nd1 Nc6 18. O-O Nd4 19. Nxd4 Bxd4+ 20. Be3 Ba6 21. Qf2
Rfd8 22. Bxd4 Qxd4 23. Qxd4 Rxd4 24. Ra1 Bb5 25. Nf2 Rdd8 26. Rfb1 Be8 27. Rb2
Rdb8 28. Ng4 Kg7 29. Ne3 a4 30. Nc4 a3 31. Rba2 Bb5 32. Nd2 Rc8 33. Rb1 Ra4 34.
Kf2 Kf6 35. g4 Ke7 36. Ke2 f6 37. Rb3 Kd6 38. Nb1 Kc5 39. c3 Rc6 40. cxb4+ Kd4
41. Nxa3 Bxd3+ 42. Rxd3+ Kxe4 43. Nc2 Rxc2+ 44. Rxc2 Rxb4 45. Rf3 1-0

[Event "Howard Ridout Swiss U2000"]
[Site "Toronto CAN"]
[Date "2010.09.09"]
[Round "1"]
[White "Triefeldt, Jack"]
[Black "Azmitia, Gabriel"]
[Result "1/2-1/2"]
[WhiteElo "1784"]
[BlackElo "1611"]
[PlyCount "66"]
[EventDate "2010.09.09"]
[EventType "swiss"]
[EventRounds "6"]
[EventCountry "CAN"]

1. d4 d5 2. Nf3 Nf6 3. Bf4 Nh5 4. Be5 Nd7 5. e3 Nxe5 6. Nxe5 Nf6 7. c4 e6 8.
Nd2 c6 9. c5 a5 10. Bd3 Bd7 11. O-O Qc7 12. f4 Be7 13. Qc2 g6 14. g4 h5 15.
Bxg6 O-O-O 16. Bxh5 Nxh5 17. gxh5 Rxh5 18. Ndf3 Rg8+ 19. Kh1 Be8 20. Rg1 Rgh8
21. Rg2 f6 22. Ng6 Rh3 23. Qe2 Bxg6 24. Rxg6 Bd8 25. Rag1 R3h7 26. Qg2 Qf7 27.
Rg7 Qh5 28. Rxh7 Rxh7 29. Qg4 Qh6 30. Qxe6+ Rd7 31. Qg4 Qh7 32. Qg6 Qh3 33. Qg4
Qh7 1/2-1/2

[Event "Howard Ridout Swiss U2000"]
[Site "Toronto CAN"]
[Date "2010.09.09"]
[Round "1"]
[White "Zotkin, Daniel"]
[Black "Conte, Mike"]
[Result "0-1"]
[WhiteElo "1643"]
[BlackElo "1830"]
[PlyCount "50"]
[EventDate "2010.09.09"]
[EventType "swiss"]
[EventRounds "6"]
[EventCountry "CAN"]

1. e4 c6 2. d4 d5 3. Nc3 dxe4 4. Nxe4 Bf5 5. Ng3 Bg6 6. h4 h6 7. f4 e6 8. Nf3
Be7 9. Bd3 Bxd3 10. Qxd3 Nd7 11. Bd2 Ngf6 12. O-O-O Qc7 13. Rhe1 Nd5 14. Ne5
Bxh4 15. Nxd7 Kxd7 16. Qf3 g6 17. Kb1 h5 18. c4 Ne7 19. Re5 Rad8 20. Bb4 Kc8
21. Qa3 Kb8 22. Ne4 Nf5 23. d5 exd5 24. cxd5 Rxd5 25. Rexd5 cxd5 0-1

[Event "Howard Ridout Swiss U2000"]
[Site "Toronto CAN"]
[Date "2010.09.16"]
[Round "2"]
[White "Armstrong, Robert J"]
[Black "Paterson, Jim"]
[Result "1-0"]
[WhiteElo "1793"]
[BlackElo "1896"]
[PlyCount "79"]
[EventDate "2010.09.09"]
[EventType "swiss"]
[EventRounds "6"]
[EventCountry "CAN"]

1. d4 Nf6 2. c4 e6 3. Nf3 b6 4. e3 Bb7 5. Bd3 Be4 6. O-O Bd6 7. Nc3 Bxd3 8.
Qxd3 Nc6 9. e4 e5 10. Nb5 Nxd4 11. Nxd6+ cxd6 12. Nxd4 exd4 13. Qxd4 Qc7 14.
Bf4 Qc5 15. Rad1 Qxd4 16. Rxd4 O-O 17. Bxd6 Rfe8 18. e5 Nh5 19. g4 Re6 20. gxh5
Rh6 21. Kh1 Rxh5 22. Rg1 Rc8 23. b3 Rf5 24. Rdg4 g6 25. f4 a6 26. b4 Rxc4 27.
Rf1 Rc2 28. Rg2 Rc4 29. Rd2 Rc6 30. Be7 Rc7 31. Bd8 Rb7 32. Bg5 Kf8 33. Rfd1
Ke8 34. Rc1 Rb8 35. Rc7 h6 36. Bf6 d5 37. Rxd5 Rxf4 38. Rcd7 Rf1+ 39. Kg2 Rxf6
40. exf6 1-0

[Event "Howard Ridout Swiss U2000"]
[Site "Toronto CAN"]
[Date "2010.09.16"]
[Round "2"]
[White "Azmitia, Gabriel"]
[Black "Ward, Dean"]
[Result "0-1"]
[WhiteElo "1611"]
[BlackElo "1792"]
[PlyCount "98"]
[EventDate "2010.09.09"]
[EventType "swiss"]
[EventRounds "6"]
[EventCountry "CAN"]

1. d4 d5 2. Nf3 Nf6 3. b3 c5 4. e3 Bf5 5. a3 Qc7 6. Nh4 Be4 7. f3 Bg6 8. c3
cxd4 9. exd4 Bxb1 10. Rxb1 Qxc3+ 11. Qd2 Qc7 12. Bb2 e6 13. g3 Bd6 14. Kf2 O-O
15. Rc1 Qb6 16. b4 e5 17. Kg2 e4 18. Be2 Nbd7 19. Nf5 h6 20. Rc2 Rfc8 21. Rhc1
Rxc2 22. Rxc2 Bf8 23. Ne3 a6 24. Qc3 Qe6 25. Bc1 Nb6 26. Qb3 Rc8 27. Rxc8 Qxc8
28. Bd2 Qc6 29. Kf2 exf3 30. Bxf3 Ne4+ 31. Bxe4 dxe4 32. Kg2 Qf6 33. Nc2 Qf5
34. Qe3 Nc4 35. Qf4 Qd5 36. Kg1 Bd6 37. Qf2 g5 38. Bc1 Kg7 39. g4 Kg6 40. h3
Bc7 41. h4 Qe6 42. h5+ Kg7 43. Ne3 Nxe3 44. Bxe3 Qxg4+ 45. Qg2 Qxg2+ 46. Kxg2
Kf6 47. Kh3 Ke6 48. Kg4 f5+ 49. Kh3 Kd5 0-1

[Event "Howard Ridout Swiss U2000"]
[Site "Toronto CAN"]
[Date "2010.09.16"]
[Round "2"]
[White "Bao, Stephen"]
[Black "Zotkin, Daniel"]
[Result "1/2-1/2"]
[WhiteElo "1758"]
[BlackElo "1643"]
[PlyCount "172"]
[EventDate "2010.09.09"]
[EventType "swiss"]
[EventRounds "6"]
[EventCountry "CAN"]

1. e4 c5 2. Nf3 Nc6 3. d4 cxd4 4. Nxd4 g6 5. c4 Bg7 6. Be3 Nf6 7. Nc3 O-O 8.
Be2 d6 9. O-O Bd7 10. Qd2 Ng4 11. Nxc6 bxc6 12. Bg5 Ne5 13. Bh6 Bxh6 14. Qxh6
Be6 15. b3 Qa5 16. Qe3 Ng4 17. Qg3 Nf6 18. Qd3 Rfd8 19. Rfd1 d5 20. cxd5 cxd5
21. exd5 Nxd5 22. Nxd5 Rxd5 23. Qf3 Rad8 24. Rdc1 Rd2 25. h3 Rxa2 26. Rxa2 Qxa2
27. Bc4 Bxc4 28. Rxc4 Qb1+ 29. Kh2 Qd3 30. Qb7 Qd6+ 31. f4 Qd7 32. Rc7 Qf5 33.
Qb4 e5 34. Rxa7 Qxf4+ 35. Qxf4 exf4 36. Rb7 Rd2 37. Kg1 Kg7 38. b4 Rb2 39. b5
Kf6 40. Rb8 h5 41. h4 Kf5 42. b6 Kg4 43. b7 Kxh4 44. Kf1 Kg3 45. Rc8 Rxb7 46.
Rc3+ Kg4 47. Rc2 Rb3 48. Kf2 g5 49. Ra2 h4 50. Ra7 h3 51. gxh3+ Kxh3 52. Rxf7
Kg4 53. Rd7 Rb2+ 54. Kf1 Kg3 55. Rd1 f3 56. Rc1 g4 57. Kg1 Rg2+ 58. Kf1 Kh2 59.
Rc4 Rg1+ 60. Kf2 g3+ 61. Kxf3 Rf1+ 62. Ke2 Rf2+ 63. Ke1 g2 64. Rh4+ Kg1 65. Rh6
Rf4 66. Ke2 Rf5 67. Rg6 Rh5 68. Kf3 Rf5+ 69. Ke2 Rf4 70. Rh6 Re4+ 71. Kf3 Kf1
72. Kxe4 g1=Q 73. Rf6+ Ke2 74. Re6 Qg4+ 75. Kd5+ Kd2 76. Re4 Qd7+ 77. Ke5 Qb5+
78. Kd4 Qb4+ 79. Ke5 Qc5+ 80. Kf4 Kd3 81. Re5 Qf2+ 82. Kg5 Kd4 83. Rf5 Qg3+ 84.
Kf6 Ke4 85. Rg5 Qf3+ 86. Ke6 Qf4 1/2-1/2

[Event "Howard Ridout Swiss U2000"]
[Site "Toronto CAN"]
[Date "2010.09.16"]
[Round "2"]
[White "Bellissimo, Joseph"]
[Black "Marcille, Gord"]
[Result "1-0"]
[WhiteElo "1871"]
[BlackElo "1764"]
[PlyCount "74"]
[EventDate "2010.09.09"]
[EventType "swiss"]
[EventRounds "6"]
[EventCountry "CAN"]

1. e4 c5 2. Nf3 Nc6 3. d4 cxd4 4. Nxd4 e5 5. Nb5 d6 6. N1c3 a6 7. Na3 Nf6 8.
Bg5 Be7 9. Nc4 Nd4 10. Bxf6 Bxf6 11. Nd5 O-O 12. c3 Ne6 13. Nxd6 Nf4 14. Nxf4
exf4 15. Bc4 Qe7 16. O-O Be6 17. Bxe6 fxe6 18. Nc4 b5 19. Nd2 Rad8 20. Qe2 e5
21. Nf3 g5 22. h3 h5 23. Nh2 Qh7 24. Rad1 Rxd1 25. Rxd1 Qg6 26. Rd6 Rd8 27.
Rxa6 Kh7 28. Rb6 Qf7 29. Qxb5 Rd1+ 30. Nf1 Bg7 31. Rb7 Qxa2 32. Qe2 Rxf1+ 33.
Qxf1 g4 34. hxg4 hxg4 35. Qd1 f3 36. gxf3 Qa6 37. Qd7 Qg6 1-0

[Event "Howard Ridout Swiss U2000"]
[Site "Toronto CAN"]
[Date "2010.09.16"]
[Round "2"]
[White "Bellomo, Joe"]
[Black "Verde, Pino"]
[Result "1-0"]
[WhiteElo "1696"]
[BlackElo "1848"]
[PlyCount "105"]
[EventDate "2010.09.09"]
[EventType "swiss"]
[EventRounds "6"]
[EventCountry "CAN"]

1. e4 d6 2. Nf3 Nf6 3. Nc3 Bg4 4. h3 Bd7 5. e5 Ng8 6. exd6 cxd6 7. Bc4 e6 8. d4
Be7 9. O-O Nf6 10. a3 a6 11. Re1 Qc7 12. Bb3 h5 13. Bg5 Nc6 14. Bxf6 Bxf6 15.
d5 Ne5 16. dxe6 fxe6 17. Nd4 d5 18. f4 Ng4 19. Nxd5 Qc5 20. Nxf6+ Nxf6 21. Bxe6
O-O-O 22. c3 Qb6 23. Bxd7+ Rxd7 24. Qe2 Re8 25. Qc4+ Kb8 26. Rxe8+ Nxe8 27. Qe6
Qd8 28. Re1 Nf6 29. Qe5+ Ka8 30. Kh1 Qb6 31. b4 Rd5 32. Qe7 Rd7 33. Qf8+ Rd8
34. Qxg7 Rg8 35. Qf7 Qd8 36. b5 Rf8 37. Qb3 Qb6 38. bxa6 Qxb3 39. Nxb3 bxa6 40.
Nc5 Nd5 41. Nxa6 Nxc3 42. Nc7+ Kb7 43. Ne6 Rf6 44. g3 Nd5 45. Re5 h4 46. Nd8+
Kc8 47. Rxd5 hxg3 48. Kg2 Rxf4 49. Kxg3 Rc4 50. Rd3 Kc7 51. Ne6+ Kc6 52. h4 Re4
53. Nf4 1-0

[Event "Howard Ridout Swiss U2000"]
[Site "Toronto CAN"]
[Date "2010.09.16"]
[Round "2"]
[White "Conte, Mike"]
[Black "Song, Lin"]
[Result "1-0"]
[WhiteElo "1830"]
[BlackElo "1693"]
[PlyCount "107"]
[EventDate "2010.09.09"]
[EventType "swiss"]
[EventRounds "6"]
[EventCountry "CAN"]

1. d4 Nf6 2. Nf3 g6 3. Bf4 Bg7 4. c3 O-O 5. Nbd2 d6 6. e4 Nh5 7. Bg5 Kh8 8. Bc4
Nc6 9. a3 f5 10. exf5 Bxf5 11. Nh4 Qd7 12. Nxf5 Qxf5 13. Be3 e5 14. g4 Qf6 15.
gxh5 exd4 16. cxd4 Bh6 17. O-O Bxe3 18. fxe3 Qg5+ 19. Kh1 Qxe3 20. Rxf8+ Rxf8
21. Nf1 Qe4+ 22. Kg1 Nxd4 23. Qd3 Nf3+ 24. Kh1 Qe5 25. Qc3 Nd4 26. Ng3 Rf3 27.
Bd3 gxh5 28. Rf1 h4 29. Rxf3 Nxf3 30. Ne4 Nd4 31. Ng5 Qd5+ 32. Be4 Qxg5 33.
Qxd4+ Qe5 34. Qxe5+ dxe5 35. Bxb7 Kg7 36. Kg2 Kg6 37. Kf3 Kg5 38. h3 h6 39. Ke4
Kf6 40. Bc6 Ke6 41. b4 Kd6 42. Bb5 Ke6 43. Bc4+ Kd6 44. a4 c6 45. Kf5 c5 46. b5
h5 47. Kg5 e4 48. Kf4 Kc7 49. Kxe4 Kb6 50. Kd5 Ka5 51. Kxc5 Kxa4 52. Be2 Ka5
53. Bxh5 a6 54. b6 1-0

[Event "Howard Ridout Swiss U2000"]
[Site "Toronto CAN"]
[Date "2010.09.16"]
[Round "2"]
[White "Mesiti, Silvano"]
[Black "Corvo, Paul"]
[Result "0-1"]
[WhiteElo "1674"]
[BlackElo "1861"]
[PlyCount "102"]
[EventDate "2010.09.09"]
[EventType "swiss"]
[EventRounds "6"]
[EventCountry "CAN"]

1. e4 e5 2. Nf3 Nc6 3. Nc3 Nf6 4. Bc4 Bc5 5. O-O O-O 6. Bb5 d6 7. Be2 Bg4 8. d3
a6 9. Bg5 h6 10. Bd2 Nh7 11. Nd5 f5 12. exf5 Bxf5 13. Qc1 Be6 14. Nc3 d5 15.
Nd1 Qd7 16. Be3 Bd6 17. c3 Bg4 18. Qc2 Nf6 19. a3 Ne7 20. b4 Rf7 21. Ne1 Raf8
22. f3 Bf5 23. Qb3 Be6 24. Qc2 Nf5 25. Bf2 g5 26. Ne3 Ng7 27. Qd2 Ngh5 28. N1c2
Nf4 29. Bg3 N6h5 30. Qe1 Nxg3 31. hxg3 Ng6 32. Rd1 g4 33. fxg4 Rxf1+ 34. Nxf1
Bxg4 35. Nfe3 Bxe2 36. Qxe2 c6 37. Rf1 Rxf1+ 38. Qxf1 Qf7 39. Qf3 Ne7 40. Ng4
Qxf3 41. gxf3 Kg7 42. Kg2 Nf5 43. Nge3 Nxe3+ 44. Nxe3 Kf6 45. Kf2 Ke6 46. c4 b6
47. Ke2 a5 48. bxa5 bxa5 49. a4 Bc5 50. Nc2 Kf5 51. Ne1 Bb4 0-1

[Event "Howard Ridout Swiss U2000"]
[Site "Toronto CAN"]
[Date "2010.09.16"]
[Round "2"]
[White "Moran-Venegas, Mario"]
[Black "Cale, Ferdinand"]
[Result "0-1"]
[WhiteElo "1731"]
[BlackElo "1817"]
[PlyCount "92"]
[EventDate "2010.09.09"]
[EventType "swiss"]
[EventRounds "6"]
[EventCountry "CAN"]

1. e4 e6 2. d4 c5 3. Nf3 Nf6 4. Nc3 d5 5. Bb5+ Bd7 6. Bxd7+ Qxd7 7. Ne5 Qc7 8.
exd5 Nxd5 9. Nxd5 exd5 10. O-O Bd6 11. c3 O-O 12. Re1 f6 13. Nf3 c4 14. Qc2 Nd7
15. Bd2 b5 16. Re2 Rfe8 17. Rae1 Rxe2 18. Rxe2 g6 19. g3 Kf7 20. Kg2 a5 21. h4
Re8 22. Rxe8 Kxe8 23. h5 f5 24. hxg6 hxg6 25. Bg5 Kf7 26. Nh4 Nf6 27. Nf3 Ne4
28. Bh4 f4 29. g4 Qd7 30. Kh3 Qe8 31. Kg2 a4 32. Ng5+ Nxg5 33. Bxg5 Qe6 34. Kf3
Qe1 35. Bxf4 Qh1+ 36. Kg3 Qg1+ 37. Kf3 Bxf4 38. Kxf4 Qe1 39. f3 Kf6 40. g5+ Kf7
41. Qh2 Qc1+ 42. Kg4 Qe3 43. Qc7+ Qe7 44. Qxe7+ Kxe7 45. f4 b4 46. f5 a3 0-1

[Event "Howard Ridout Swiss U2000"]
[Site "Toronto CAN"]
[Date "2010.09.16"]
[Round "2"]
[White "Radpey, Abdolreza"]
[Black "Huston, Scott"]
[Result "0-1"]
[WhiteElo "1641"]
[BlackElo "1736"]
[PlyCount "101"]
[EventDate "2010.09.09"]
[EventType "swiss"]
[EventRounds "6"]
[EventCountry "CAN"]

1. c4 Nf6 2. Nf3 e6 3. d4 b6 4. Nc3 Bb4 5. Bg5 Ba6 6. e3 c5 7. a3 Ba5 8. Bd3
Bb7 9. O-O Bxc3 10. bxc3 h6 11. Bh4 g5 12. Bg3 d6 13. Qb3 Nh5 14. d5 Nxg3 15.
fxg3 g4 16. Nh4 Qg5 17. Rf4 e5 18. Re4 f5 19. Nxf5 Qxf5 20. Rf1 Qg5 21. Qd1 h5
22. Rf2 Nd7 23. Qf1 Rf8 24. Rxf8+ Nxf8 25. h4 gxh3 26. Qf3 hxg2 27. Kxg2 Bc8
28. Rh4 Bg4 29. Qf2 O-O-O 30. Rh1 Nd7 31. Be4 Rf8 32. Qd2 Qf6 33. Qe1 Bf3+ 34.
Bxf3 Qxf3+ 35. Kg1 Nf6 36. Qf2 Qxf2+ 37. Kxf2 Ne4+ 38. Kg2 Rf2+ 39. Kh3 Rf3 40.
Kh4 Rxe3 41. Rf1 Rxg3 42. Rf8+ Kb7 43. Kxh5 Rxc3 44. Rf7+ Ka6 45. a4 Rxc4 46.
Kg6 Nc3 47. Rd7 Rd4 48. Rxd6 Rxd5 49. Re6 e4 50. Re7 Rd3 51. a5 0-1

[Event "Howard Ridout Swiss U2000"]
[Site "Toronto CAN"]
[Date "2010.09.16"]
[Round "2"]
[White "Rutherdale, William"]
[Black "Manalo, Pepin"]
[Result "0-1"]
[WhiteElo "1729"]
[BlackElo "1872"]
[PlyCount "124"]
[EventDate "2010.09.09"]
[EventType "swiss"]
[EventRounds "6"]
[EventCountry "CAN"]

1. d4 Nf6 2. c4 d5 3. Nf3 Bf5 4. Bf4 Nbd7 5. e3 e6 6. Bd3 Bb4+ 7. Nc3 Ne4 8.
Rc1 O-O 9. O-O Nxc3 10. bxc3 Ba3 11. Rb1 Bxd3 12. Qxd3 dxc4 13. Qxc4 Nb6 14.
Qxc7 Qd5 15. Rb3 Rfc8 16. Qe5 Qd7 17. Qh5 Bf8 18. Ng5 h6 19. Ne4 Nd5 20. Be5 f6
21. Bg3 b6 22. Rc1 Rc4 23. Nd2 Ra4 24. c4 Rc8 25. Ra1 Nc7 26. h3 Ra5 27. Qg6
Rg5 28. Qe4 Ne8 29. a4 Nd6 30. Bxd6 Bxd6 31. Qd3 Ra5 32. Rb5 Rxb5 33. axb5 Bb8
34. Qe4 f5 35. Qc2 Qxb5 36. Qa2 Qd7 37. Rb1 Qd6 38. Nf3 Qc6 39. Nd2 Rf8 40. Qb3
Rf6 41. Qb5 Qc8 42. c5 e5 43. cxb6 axb6 44. dxe5 Rg6 45. Qd5+ Kh7 46. Nc4 Bc7
47. Rd1 f4 48. exf4 Qxh3 49. f5 Rg5 50. Nd6 Qh4 51. Nf7 Rg4 52. f6 gxf6 53. e6
Qh2+ 54. Kf1 Qh1+ 55. Ke2 Qxg2 56. Qxg2 Rxg2 57. e7 Rg8 58. Rd7 Kg6 59. Rxc7
Kxf7 60. Kf3 Rb8 61. Ke4 Ke8 62. Rc6 Kxe7 0-1

[Event "Howard Ridout Swiss U2000"]
[Site "Toronto CAN"]
[Date "2010.09.16"]
[Round "2"]
[White "Su, Stanley"]
[Black "Gillis, Doug"]
[Result "1-0"]
[WhiteElo "1774"]
[BlackElo "1675"]
[PlyCount "43"]
[EventDate "2010.09.09"]
[EventType "swiss"]
[EventRounds "6"]
[EventCountry "CAN"]

1. e4 e6 2. f4 d5 3. e5 c5 4. Nf3 Nc6 5. c3 Qb6 6. Na3 Bd7 7. Be2 Nge7 8. O-O
Nf5 9. Nc2 c4+ 10. Kh1 Bc5 11. d4 cxd3 12. Bxd3 Nce7 13. Qe2 a5 14. Bd2 h5 15.
b4 axb4 16. cxb4 Bd4 17. Ncxd4 Nxd4 18. Qf2 Nec6 19. Be3 Ra3 20. Rfd1 Qxb4 21.
Bxd4 O-O 22. Bc5 1-0

[Event "Howard Ridout Swiss U2000"]
[Site "Toronto CAN"]
[Date "2010.09.16"]
[Round "2"]
[White "Xie, Peter"]
[Black "Triefeldt, Jack"]
[Result "1/2-1/2"]
[WhiteElo "1606"]
[BlackElo "1784"]
[PlyCount "121"]
[EventDate "2010.09.09"]
[EventType "swiss"]
[EventRounds "6"]
[EventCountry "CAN"]

1. e4 e6 2. d4 d5 3. Nc3 Nf6 4. e5 Nfd7 5. Nf3 c5 6. Bb5 a6 7. Bxd7+ Bxd7 8.
O-O Nc6 9. Ne2 cxd4 10. Nexd4 Be7 11. Re1 O-O 12. c3 Rc8 13. Nb3 Qc7 14. Bf4
Na5 15. Nfd4 Nc4 16. Qc1 b5 17. Nd2 Qb7 18. Nxc4 Rxc4 19. Qd2 b4 20. Rab1 Qa8
21. Rec1 Rfc8 22. Qd3 Qa7 23. Be3 Qc7 24. Nf3 Bb5 25. Qd2 bxc3 26. bxc3 Rxc3
27. Rxc3 Qxc3 28. Qxc3 Rxc3 29. Nd4 Ra3 30. Nxb5 axb5 31. Rxb5 Rxa2 32. Rb8+
Bf8 33. Kf1 Rc2 34. Bg5 Rc7 35. Bd2 f6 36. exf6 gxf6 37. Bh6 Rf7 38. Re8 e5 39.
Ke2 f5 40. Bxf8 Rxf8 41. Rxe5 Kg7 42. Rxd5 Kg6 43. Kf3 h5 44. h4 Ra8 45. Rd6+
Kg7 46. g3 Ra4 47. Ke3 Re4+ 48. Kf3 Ra4 49. Kg2 Ra2 50. Rc6 Rb2 51. Ra6 Rc2 52.
Ra4 Kg6 53. Kf3 Rb2 54. Ke3 Rc2 55. f3 Rc6 56. Kf4 Kf6 57. g4 fxg4 58. fxg4
hxg4 59. Kxg4 Kg6 60. Kf4 Kh6 61. Kg4 1/2-1/2

[Event "Howard Ridout Swiss U2000"]
[Site "Toronto CAN"]
[Date "2010.09.16"]
[Round "2"]
[White "Yusuf, Magas"]
[Black "Gaffney, Kevin"]
[Result "0-1"]
[WhiteElo "1858"]
[BlackElo "1608"]
[PlyCount "48"]
[EventDate "2010.09.09"]
[EventType "swiss"]
[EventRounds "6"]
[EventCountry "CAN"]

1. d4 d5 2. Nf3 Nf6 3. c4 e6 4. Nc3 Be7 5. Qc2 O-O 6. e3 c5 7. Bd3 dxc4 8. Bxc4
Nc6 9. dxc5 Bxc5 10. a3 a6 11. O-O b5 12. Bd3 Qe7 13. Ne4 Nxe4 14. Bxe4 Bb7 15.
Bxh7+ Kh8 16. b3 Rac8 17. Bb2 Bd6 18. Bd3 Nd4 19. Qd1 Nxf3+ 20. Kh1 Qh4 21. h3
Rc5 22. Be2 Rd5 23. Bd4 Nxd4 24. exd4 Rxd4 0-1

[Event "Howard Ridout Swiss U2000"]
[Site "Toronto CAN"]
[Date "2010.09.23"]
[Round "3"]
[White "Azmitia, Gabriel"]
[Black "Bao, Stephen"]
[Result "0-1"]
[WhiteElo "1611"]
[BlackElo "1758"]
[PlyCount "56"]
[EventDate "2010.09.09"]
[EventType "swiss"]
[EventRounds "6"]
[EventCountry "CAN"]

1. d4 Nf6 2. Nf3 d5 3. e3 Bg4 4. Be2 e6 5. O-O c5 6. b3 Nbd7 7. Bb2 Qc7 8. Nbd2
Bd6 9. g3 Bh3 10. Re1 h5 11. Bf1 Bxf1 12. Nxf1 Ne4 13. Rc1 Ndf6 14. Ne5 h4 15.
g4 Nd7 16. f4 f6 17. Nxd7 Kxd7 18. h3 g5 19. dxc5 Bxc5 20. c4 gxf4 21. cxd5 Qb6
22. Bd4 Bxd4 23. dxe6+ Ke7 24. exd4 Ng5 25. Rc3 Rhd8 26. Rd3 Rd6 27. Qd2 Rxd4
28. Rxd4 Nf3+ 0-1

[Event "Howard Ridout Swiss U2000"]
[Site "Toronto CAN"]
[Date "2010.09.23"]
[Round "3"]
[White "Cale, Ferdinand"]
[Black "Manalo, Pepin"]
[Result "1-0"]
[WhiteElo "1817"]
[BlackElo "1872"]
[PlyCount "102"]
[EventDate "2010.09.09"]
[EventType "swiss"]
[EventRounds "6"]
[EventCountry "CAN"]

1. f4 g6 2. d4 d5 3. e3 Bg7 4. g3 Nf6 5. Bh3 h5 6. c3 Ng4 7. Bxg4 Bxg4 8. Qd2
Nd7 9. Qf2 Nf6 10. Nf3 Qc8 11. b3 Qf5 12. Nbd2 c6 13. O-O Ne4 14. Nxe4 dxe4 15.
Nd2 Bh3 16. Re1 h4 17. gxh4 Bf6 18. Nf1 Rxh4 19. Ng3 Rg4 20. Kh1 Qd7 21. Rg1
Bh4 22. Qc2 f5 23. Ba3 O-O-O 24. Ne2 Bf2 25. Rxg4 Bxg4 26. Kg2 Bxe3 27. Bc1
Bxc1 28. Rxc1 Rh8 29. Ng1 Qd6 30. Rf1 Qf6 31. Qf2 Kb8 32. h3 Bh5 33. Qg3 Kc8
34. Re1 Rg8 35. Kh2 g5 36. Re3 Rg7 37. Ne2 gxf4 38. Qxf4 Bf3 39. Ng3 e6 40. Re1
Qe7 41. b4 Qg5 42. Qxg5 Rxg5 43. Rg1 Kd7 44. Nf1 Rxg1 45. Kxg1 Bh5 46. Kf2 e5
47. Ke3 exd4+ 48. Kxd4 b5 49. c4 Be2 50. Nd2 Bd3 51. cxb5 cxb5 1-0

[Event "Howard Ridout Swiss U2000"]
[Site "Toronto CAN"]
[Date "2010.09.23"]
[Round "3"]
[White "Corvo, Paul"]
[Black "Armstrong, Robert J"]
[Result "1-0"]
[WhiteElo "1861"]
[BlackElo "1793"]
[PlyCount "101"]
[EventDate "2010.09.09"]
[EventType "swiss"]
[EventRounds "6"]
[EventCountry "CAN"]

1. e4 g6 2. d4 Bg7 3. Nf3 d6 4. Bf4 Nf6 5. Nbd2 O-O 6. h3 Nc6 7. d5 Nb4 8. c3
Na6 9. Bd3 Nh5 10. Be3 e5 11. Bxa6 bxa6 12. Nb3 h6 13. Qd2 Kh7 14. c4 f5 15.
exf5 gxf5 16. Qc2 Kh8 17. O-O-O f4 18. Bd2 Bf5 19. Qc3 e4 20. Nfd4 Qd7 21. Qa5
Rae8 22. Rhe1 Be5 23. Nxf5 Rxf5 24. Bc3 Qg7 25. Nd4 Bxd4 26. Rxd4 Nf6 27. Rdxe4
Rxe4 28. Rxe4 Kh7 29. Re6 Kg6 30. Bd4 Kh5 31. Qc3 Qxg2 32. Rxf6 Rxf6 33. Bxf6
Qxf2 34. Bd4 Qf1+ 35. Kc2 f3 36. Qe3 Qxh3 37. Qe8+ Kg4 38. Qe6+ Kg3 39. Bf2+
Kg2 40. Qxh3+ Kxh3 41. Kd2 Kg4 42. Ke1 h5 43. Kf1 h4 44. Kg1 Kf4 45. Bxh4 Ke3
46. Kf1 a5 47. Bd8 Kd3 48. b3 a4 49. Bxc7 axb3 50. axb3 Kc3 51. Bxd6 1-0

[Event "Howard Ridout Swiss U2000"]
[Site "Toronto CAN"]
[Date "2010.09.23"]
[Round "3"]
[White "Gaffney, Kevin"]
[Black "Conte, Mike"]
[Result "0-1"]
[WhiteElo "1608"]
[BlackElo "1830"]
[PlyCount "58"]
[EventDate "2010.09.09"]
[EventType "swiss"]
[EventRounds "6"]
[EventCountry "CAN"]

1. e4 c6 2. d4 d5 3. Nc3 dxe4 4. Nxe4 Bf5 5. Ng3 Bg6 6. h4 h6 7. Nf3 Nd7 8. h5
Bh7 9. Bd3 Bxd3 10. Qxd3 e6 11. Bf4 Qa5+ 12. Bd2 Bb4 13. c3 Be7 14. Bf4 Ngf6
15. Nd2 Nd5 16. Be3 Nxe3 17. Qxe3 Nf6 18. Nc4 Qc7 19. Ne5 O-O 20. Ne4 Nd5 21.
Qd2 c5 22. Nf3 cxd4 23. Nxd4 Rfd8 24. Qc2 Rac8 25. O-O-O Qb6 26. Rh3 f5 27. Nd2
Bf6 28. Ne2 Qxf2 29. Nb1 Bg5+ 0-1

[Event "Howard Ridout Swiss U2000"]
[Site "Toronto CAN"]
[Date "2010.09.23"]
[Round "3"]
[White "Gillis, Doug"]
[Black "Kurkowski, Ken"]
[Result "1/2-1/2"]
[WhiteElo "1675"]
[BlackElo "1638"]
[PlyCount "37"]
[EventDate "2010.09.09"]
[EventType "swiss"]
[EventRounds "6"]
[EventCountry "CAN"]

1. d4 d5 2. Nc3 e6 3. e4 Nf6 4. Bg5 Bb4 5. exd5 Bxc3+ 6. bxc3 exd5 7. Bd3 b6 8.
Qe2+ Qe7 9. Qxe7+ Kxe7 10. Nf3 h6 11. Bxf6+ Kxf6 12. O-O Nd7 13. Rfe1 Bb7 14.
Re3 Rhe8 15. Rae1 Re6 16. Nh4 Rae8 17. Rxe6+ Rxe6 18. Rxe6+ fxe6 19. f4 1/2-1/2

[Event "Howard Ridout Swiss U2000"]
[Site "Toronto CAN"]
[Date "2010.09.23"]
[Round "3"]
[White "Huston, Scott"]
[Black "Yusuf, Magas"]
[Result "0-1"]
[WhiteElo "1736"]
[BlackElo "1858"]
[PlyCount "66"]
[EventDate "2010.09.09"]
[EventType "swiss"]
[EventRounds "6"]
[EventCountry "CAN"]

1. d4 d5 2. c4 c6 3. Nf3 Nf6 4. Bg5 e6 5. Nc3 Nbd7 6. e3 Bb4 7. a3 Bd6 8. c5
Bc7 9. Bd3 O-O 10. Qc2 h6 11. Bh4 e5 12. dxe5 Nxe5 13. Nxe5 Bxe5 14. O-O-O Qe7
15. f4 Bxc3 16. Qxc3 Qxe3+ 17. Kb1 Ne4 18. Qc2 Qxf4 19. Bg3 Nxg3 20. hxg3 Qxg3
21. Qc3 Qg5 22. g4 Bd7 23. Rdg1 f5 24. gxf5 Qf6 25. Qc2 Bxf5 26. Ka1 Bxd3 27.
Qxd3 Rae8 28. Rg6 Qf3 29. Rxg7+ Kxg7 30. Rg1+ Kh8 31. Qg6 Qf6 32. Qh5 Re5 33.
Qg4 Rg5 0-1